Micro-finance and disaster risk reduction: (Record no. 3245)

MARC details
000 -LEADER
fixed length control field 00949nam a2200229 4500
003 - CONTROL NUMBER IDENTIFIER
control field LK-CoMWRAF
008 - FIXED-LENGTH DATA ELEMENTS--GENERAL INFORMATION
fixed length control field 230822b2007 |||||||| |||| 00| 0 eng d
020 ## - INTERNATIONAL STANDARD BOOK NUMBER
International Standard Book Number 8187966548
040 ## - CATALOGING SOURCE
Original cataloging agency LK-CoMWRAF
Modifying agency LK-CoMWRAF
Description conventions LK-CoMWRAF
041 ## - LANGUAGE CODE
Language code of text/sound track or separate title English
082 ## - DEWEY DECIMAL CLASSIFICATION NUMBER
Classification number 551.5
Item number INT
942 ## - ADDED ENTRY ELEMENTS (KOHA)
Koha item type Conference Proceeding
111 ## - MAIN ENTRY--MEETING NAME
Meeting name or jurisdiction name as entry element INTERNATIONAL WORKSHOP ON DISASTER RISK MITIGATION: POTENTIAL OF MICRO-FINANCE FOR TSUNAMY RECOVERY
Location of meeting ( New Delhi,
Date of meeting 2005)
700 ## - ADDED ENTRY--PERSONAL NAME
Personal name Chakrabarti, P. G. Dhar
relator term editor
700 ## - ADDED ENTRY--PERSONAL NAME
Personal name Bhat, Mihir R.
relator term editor
245 ## - TITLE STATEMENT
Title Micro-finance and disaster risk reduction:
Remainder of title proceedings of International Workshop on Disaster Risk Mitigation: Potential of Micro-Finance for Tsunami Recovery
260 ## - PUBLICATION, DISTRIBUTION, ETC. (IMPRINT)
Place of publication, distribution, etc. New Delhi :
Name of publisher, distributor, etc. National Institute of Disaster Management in association with Knowledge World,
Date of publication, distribution, etc. 2006
300 ## - PHYSICAL DESCRIPTION
Extent xiv, 225 p. : ill. ; 25 cm.
650 ## - SUBJECT ADDED ENTRY--TOPICAL TERM
Topical term or geographic name as entry element HAZARD MITIGATION-INDIA-CONGRESSES
650 ## - SUBJECT ADDED ENTRY--TOPICAL TERM
Topical term or geographic name as entry element Tsunami recovery
650 ## - SUBJECT ADDED ENTRY--TOPICAL TERM
Topical term or geographic name as entry element Microfinance--India
Holdings
Withdrawn status Lost status Damaged status Not for loan Permanent Location Current Location Date acquired Full call number Barcode Koha item type
        Resource center, Muslim Women's Research And Action Forum Resource center, Muslim Women's Research And Action Forum 2023-08-22 551.5 INT RAF125 Conference Proceeding

Copyright © 2023 Muslim Women's Research and Action Forum (MWRAF), No 27/3, Anderson Road, Kalubowila, Dehiwela. Funded by The Asia Fundation